000 00560nam a2200193Ia 4500
008 151119s9999||||xx |||||||||||||| ||und||
082 _a28.5
082 _bGKKV15845
100 _aशिरवाडकर वसंत
245 _aआपले सखेसोबती
260 _a--
260 _b--
260 _c0
600 _aशिरवाडकर वसंत
630 _aआपले सखेसोबती
700 _aशिरवाडकर वसंत
730 _aआपले सखेसोबती
942 _cBOOK
999 _c1069184
_d1069181